000 00538nam a2200217Ia 4500
005 20250923150415.0
008 008 250917s9999 xx 000 0 eng d
037 _aTextual
040 _aDSWL
_beng
_cDSWL
041 _aeng
_2eng
084 _qDSWL
100 _aBeitzel, T
_9845618
245 0 _aRethinking Mahatma Gandhi
_cby T Beitzel
260 _aJaipur
_b Rawat Pub.
_c2021
300 _a396 p.
365 _aINR
_b1695
650 _aC Langare
_9845619
925 _g1695
942 _cTEXL
999 _c1463116
_d1463116